Normal view
MARC view
- Matherly,Donna.
Entry Personal Name
001 - CONTROL NUMBER
- control field: 12314
003 - CONTROL NUMBER IDENTIFIER
- control field: NUST
005 - DATE AND TIME OF LATEST TRANSACTION
- control field: 20180828092144.0
008 - FIXED-LENGTH DATA ELEMENTS
- fixed length control field: 180828|| aca||aabn | a|a d
040 ## - CATALOGING SOURCE
- Original cataloging agency: NUST
- Transcribing agency: NUST
100 ## - HEADING--PERSONAL NAME
- Personal name: Matherly,Donna.
670 ## - SOURCE DATA FOUND
- Source citation: Work cat.: (NUST): Matherly,Donna., Access 2 for Windows Essentials., 1995.
